Представление документа в формате RUSMARC

ПолеНазваниеЗначение
  Тип записи l
  Библиографический уровень m
001 Контрольный номер LIBNET\0000595962
005 Дата корректировки 20201206204957.5
010 Индекс ISBN __
a ISBN 978-5-9989007-4-7 (в кор.)
d Цена 120-00
100 Данные общей обработки __
a Данные общей обработки 19151203d2012||||||| 0rusy0189 ca
101 Язык документа 0_
a Язык текста rus
102 Страна публикации __
a Страна публикации RU|
105 Кодированные данные (монография) __
a Кодированные данные (монография) ||||||а||||zy
200 Заглавие и сведения об ответственности 1_
a Заглавие Полное собрание сочинений
e Сведения, относящиеся к заглавию [в 90 томах : более 46000 страниц : 12+]
f Первые сведения об ответственности Лев Николаевич Толстой
b Общее обозначение материала Электронный ресурс
210 Выходные данные __
a Место издания Москва
c Издательство Директ-Медиа
d Дата издания 2012
215 Физическое описание __
a Объем 1 электрон. опт. диск (CD-ROM)
c Иллюстрации/тип воспроизводства цв.
d Формат 19х14 см
225 Серия __
a Серия Библиотека русской классики
v Обозначение тома вып. 13
230 Специфическая характеристика материала: электронные ресурсы __
a Обозначение и объем ресурса Электронные текстовые данные
300 Общие примечания __
a Общие примечания Загл. с этикетки диска
330 Аннотация __
a Аннотация В состав диска вошло юбилейное 90-томное Собрание сочинений Льва Николаевича Толстого (1828-1910) - великого русского писателя, глубокого философа и яркого публициста. Масштаб идей мыслителя поистине всеохватен: от философско-религиозной и исторической проблематики, описания эпохальных событий и сражений до тончайших движений человеческих чувств. Исследуя в произведениях "диалектику души", писатель выразил стремление личности к постижению своей внутренней сущности и ее духовно-нравственному...
333 Примечание о целевом назначении __
a Примечание о целевом назначении 12+. Для детей старше 12 лет
337 Примечание о системных требованиях (электронные ресурсы) __
a Примечание о системных требованиях (электронные ресурсы) Системные требования: IBM PC 486 и выше, 16 MB RAM, CD-ROM, SVGA, Windows 95/98/ME/NT/XP/2000
600 Персоналии __
a Персоналии (Фамилия) Толстой, Л. Н.
c Дополнение к имени писатель
f Даты 1828-1910
g Полное имя Лев Николаевич
606 Тематические рубрики __
a Основная рубрика Художественная литература
606 Тематические рубрики __
a Основная рубрика Русская литература XIX в. (произведения)
610 Ключевые слова __
a Ключевые слова дневники
a Ключевые слова классическая литература
a Ключевые слова литературная деятельность
a Ключевые слова литературное творчество
a Ключевые слова мудрые мысли
a Ключевые слова персоналии
a Ключевые слова письма
a Ключевые слова повести
a Ключевые слова публицистика
a Ключевые слова рассказы
a Ключевые слова религиозно-философская проза
a Ключевые слова религиозно-философские сочинения
a Ключевые слова романы
a Ключевые слова русская классика
a Ключевые слова русская классическая литература
a Ключевые слова русские писатели
a Ключевые слова тема педагогики
a Ключевые слова тема религии
a Ключевые слова тема философии
686 Индексы других классификаций __
2 Код системы rubbks
a Классификационный индекс 84(2=411.2)52-4я04
700 Автор _1
a Фамилия Толстой
b Имя Л. Н.
f Даты 1828-1910
g Полное личное имя Лев Николаевич
4 Код отношения 070
801 Источник записи _0
a Страна RU
b Организация Муниципальное бюджетное учреждение культуры "Централизованная библиотечная система" г. Сургут (Центральная городская библиотека им. А. С. Пушкина)
c Дата составления 20151203
g Правила каталогизации КиК/Апакова
801 Источник записи _1
a Страна RU
b Организация Муниципальное бюджетное учреждение культуры "Централизованная библиотечная система" г. Сургут (Центральная городская библиотека им. А. С. Пушкина)
c Дата составления 20151203
g Правила каталогизации КиК/Апакова
852 Данные о местонахождении __
j Шифр хранения 84(2=411.2)52-4я04
i Авторский знак Т 52
901 Тип документа __
t Тип документа 0
903 Характеристики (МАРС) __
a Дата передачи 20151203
969 Тип издания __
a Тип издания электронная книга; сборник
990 Данные о заказе (DOS) __
j Количество экземпляров (DOS) 1
t N записи в КСУ для И/У (DOS) 201511